El estado del mundo: anuario económico geopolítico mundial 2004
Enregistré dans:
| Format: | Livre |
|---|---|
| Langue: | espagnol |
| Publié: |
Madrid
Akal
2003
|
| Sujets: | |
| Tags: |
Ajouter un tag
Pas de tags, Soyez le premier à ajouter un tag!
|
MARC
| LEADER | 00000nam a2200000 a 4500 | ||
|---|---|---|---|
| 001 | UCL8657 | ||
| 003 | CL-VaPUC | ||
| 008 | 040702e20030000SP |||||||||||||||||spa|d | ||
| 020 | |a 8446020882 | ||
| 082 | 0 | 4 | |a 330 |b EST |2 21 |
| 245 | 1 | 3 | |a El estado del mundo: anuario económico geopolítico mundial 2004 |
| 300 | |a 631 p | ||
| 942 | |c BK | ||
| 945 | |d 20040702 00:00:00 |a cmena | ||
| 260 | |a Madrid |b Akal |c 2003 | ||
| 650 | 0 | |a Economía internacional |9 258254 | |
| 650 | 7 | |a COMERCIO INTERNACIONAL |2 CL-VaPUC |9 486613 | |
| 650 | 0 | |a Desarrollo económico y social |9 256320 | |
| 650 | 0 | |a Geopolítica |9 313921 | |
| 650 | 0 | |a Anuarios |9 258977 | |
| 583 | |a last modification |c 20040702 00:00:00 |k Rodrigo Vera | ||
| 999 | |c 309857 |d 309855 | ||
| 952 | |0 0 |1 0 |4 0 |6 330_000000000000000_EST_2003 |7 0 |8 X |9 377645 |a BIBHIS |b BIBHIS |d 2019-11-21 |i 4033280 |o 330 EST 2003 |p 4033280 |r 2024-01-30 |w 2019-11-21 |y BK_X |k HIS | ||
| 952 | |0 0 |1 0 |4 0 |6 330_000000000000000_EST_2003 |7 0 |8 X |9 377646 |a BIBCUR |b BIBCUR |d 2019-11-21 |i 403810K |o 330 EST 2003 |p 403810K |r 2025-04-22 |w 2019-11-21 |y BK_X |k PER | ||